| 000 | 00571nam a2200217Ia 4500 | ||
|---|---|---|---|
| 003 | GCL | ||
| 008 | 140319s9999 xx 000 0 eng d | ||
| 040 |
_aGCL / _cGCL |
||
| 082 | 0 | 4 |
_a823 _bE S |
| 100 | 1 | _aELIOT, GEORGE | |
| 245 | 1 | 0 |
_aSILAS MORNER: THE WEAVER OF ROVELOE / _cELIOT, GEORGE |
| 700 | 1 | _aCAVE, TERENCE | |
| 260 |
_a[S.N] : _bOXFORD UNIVERSITY PRESS ، _c1996 |
||
| 300 | _a190 P | ||
| 650 | 0 | 4 | _aENGLISH LITERATURE |
| 650 | 0 | 4 | _aLITERATURE |
| 650 | 0 | 4 | _aINTERPERSONAL RELALIONS |
| 650 | 0 | 4 | _aENGLISH FICTION |
| 650 | 0 | 4 | _aFICTION |
| 942 |
_2ddc _cBK |
||
| 999 |
_c15865 _d15865 |
||